[Event "Niska Banja op"]
[Site "Niska Banja"]
[Date "2020.02.14"]
[Round "3"]
[White "Vasic, Blagoje"]
[Black "Stojkovic, Zoran"]
[Result "0-1"]
[WhiteElo "1814"]
[BlackElo "1900"]
[PlyCount "116"]
[EventDate "2020.02.13"]
[EventType "swiss"]
[EventRounds "7"]
[EventCountry "SRB"]
[SourceTitle "CBM 195 Extra"]
[Source "ChessBase"]
[SourceDate "2020.05.31"]
[SourceVersion "1"]
[SourceVersionDate "2020.05.31"]
[SourceQuality "1"]

1. d4 Nf6 2. Nf3 e6 3. g3 c5 4. c4 cxd4 5. Nxd4 Nc6 6. Bg2 Bc5 7. Nb3 Be7 8. 0-0 0-0 9. Nc3 Ne5 10. Qd4 d6 11. e4 Qc7 12. Nd2 a6 13. b3 Bd7 14. Bb2 Nfg4 15. Nf3 Nxf3+ 16. Bxf3 Ne5 17. Bg2 Bf6 18. Qd2 Rfd8 19. Rac1 h5 20. h3 Rac8 21. Ne2 Be8 22. f4 Nd7 23. Bxf6 Nxf6 24. Kh2 b6 25. Qe3 Qc5 26. Qxc5 dxc5 27. Rfd1 Bc6 28. e5 Ne4 29. Bxe4 Bxe4 30. Kg1 Kf8 31. Kf2 Ke7 32. Nc3 Bf5 33. h4 Bg4 34. Rxd8 Rxd8 35. Rc2 Bf5 36. Rb2 Rd3 37. Na4 Be4 38. Nxb6 Rf3+ 39. Ke1 Rxg3 40. Rf2 Bc6 41. Na4 Bxa4 42. bxa4 Rc3 43. Rb2 Rxc4 44. Rb7+ Ke8 45. Rb8+ Kd7 46. Rb7+ Kc6 47. Rxf7 Rxa4 48. Kd2 Kd5 49. Kc3 Rxa2 50. Rxg7 Ra3+ 51. Kd2 Rh3 52. Rd7+ Ke4 53. Rd6 Kf5 54. Rxa6 Rxh4 55. Rc6 Rxf4 56. Rxc5 h4 57. Ke3 h3 58. Rc2 Rh4 0-1

[Event "Niska Banja op"]
[Site "Niska Banja"]
[Date "2020.02.13"]
[Round "1"]
[White "Petrovic, Dragan R"]
[Black "Stojkovic, Zoran"]
[Result "1/2-1/2"]
[WhiteElo "2169"]
[BlackElo "1900"]
[PlyCount "21"]
[EventDate "2020.02.13"]
[EventType "swiss"]
[EventRounds "7"]
[EventCountry "SRB"]
[SourceTitle "CBM 195 Extra"]
[Source "ChessBase"]
[SourceDate "2020.05.31"]
[SourceVersion "1"]
[SourceVersionDate "2020.05.31"]
[SourceQuality "1"]

1. e4 c6 2. d4 d5 3. e5 Bf5 4. Be3 h6 5. Nd2 e6 6. Ngf3 Nd7 7. c4 Bb4 8. Qb3 Qb6 9. c5 Bxd2+ 10. Nxd2 Qxb3 11. axb3 1/2-1/2

[Event "Paracin Summer op-B 10th"]
[Site "Paracin"]
[Date "2017.07.14"]
[Round "9"]
[White "Hereklioglu, Sude"]
[Black "Stojkovic, Zoran"]
[Result "1-0"]
[WhiteElo "1721"]
[BlackElo "1985"]
[PlyCount "65"]
[EventDate "2017.07.07"]
[EventType "swiss"]
[EventRounds "9"]
[EventCountry "SRB"]
[SourceTitle "EXT 2020"]
[Source "ChessBase"]
[SourceDate "2019.10.17"]
[SourceVersion "1"]
[SourceVersionDate "2019.10.17"]
[SourceQuality "1"]

1. e4 c5 2. Nf3 e6 3. g3 d6 4. Bg2 Nf6 5. Nc3 Nc6 6. 0-0 h6 7. d3 a6 8. Be3 Ng4 9. d4 Nxe3 10. fxe3 Qc7 11. d5 Ne7 12. dxe6 Bxe6 13. Nd5 Bxd5 14. exd5 b5 15. e4 Ng6 16. h4 Be7 17. h5 Nf8 18. e5 Rd8 19. Qe2 Nh7 20. exd6 Qxd6 21. Rae1 f6 22. Nh4 Qe5 23. Qxe5 fxe5 24. Ng6 Kd7 25. Nxh8 Rxh8 26. Rxe5 Bf6 27. Re6 Ng5 28. Rxa6 Bxb2 29. Ra7+ Kd6 30. Ra6+ Kd7 31. Re1 Bd4+ 32. Kh1 Rf8 33. d6 1-0

[Event "Paracin Summer op-B 10th"]
[Site "Paracin"]
[Date "2017.07.13"]
[Round "8"]
[White "Stojkovic, Zoran"]
[Black "Pobor, Danilo"]
[Result "1-0"]
[WhiteElo "1985"]
[BlackElo "1819"]
[PlyCount "57"]
[EventDate "2017.07.07"]
[EventType "swiss"]
[EventRounds "9"]
[EventCountry "SRB"]
[SourceTitle "EXT 2020"]
[Source "ChessBase"]
[SourceDate "2019.10.17"]
[SourceVersion "1"]
[SourceVersionDate "2019.10.17"]
[SourceQuality "1"]

1. Nf3 d5 2. c4 e6 3. e3 Nf6 4. d4 Be7 5. Nc3 0-0 6. Bd3 c5 7. cxd5 exd5 8. 0-0 Nc6 9. h3 h6 10. dxc5 Bxc5 11. Na4 Bd6 12. b3 Ne5 13. Bb2 Qe7 14. Rc1 Bd7 15. Nc3 Nxf3+ 16. Qxf3 Qe5 17. Rfd1 d4 18. Ne2 Qh2+ 19. Kf1 Bc6 20. Rxc6 bxc6 21. Nxd4 Qe5 22. Qxc6 Rfc8 23. Qf3 Qa5 24. Nf5 Bf8 25. Nxh6+ Kh8 26. Nxf7+ Kg8 27. Nh6+ gxh6 28. Qxf6 Rc7 29. Qe6+ 1-0

[Event "Paracin Summer op-B 10th"]
[Site "Paracin"]
[Date "2017.07.11"]
[Round "6"]
[White "Stojanov, Ptolomej Petar"]
[Black "Stojkovic, Zoran"]
[Result "0-1"]
[WhiteElo "1855"]
[BlackElo "1985"]
[PlyCount "48"]
[EventDate "2017.07.07"]
[EventType "swiss"]
[EventRounds "9"]
[EventCountry "SRB"]
[SourceTitle "EXT 2020"]
[Source "ChessBase"]
[SourceDate "2019.10.17"]
[SourceVersion "1"]
[SourceVersionDate "2019.10.17"]
[SourceQuality "1"]

1. d4 c5 2. d5 e6 3. e4 exd5 4. exd5 d6 5. Nc3 Nf6 6. Nf3 Be7 7. Bd3 b6 8. 0-0 0-0 9. Ne2 Nbd7 10. Ng3 Ne5 11. Nxe5 dxe5 12. c4 g6 13. f4 Bd6 14. f5 e4 15. Nxe4 Nxe4 16. Bxe4 Qh4 17. Re1 Bxh2+ 18. Kf1 Bg3 19. Re3 gxf5 20. Qb3 f4 21. Rc3 Qh1+ 22. Ke2 Bg4+ 23. Kd2 Qe1+ 24. Kd3 Qe2# 0-1

[Event "SRB Central-ch op-B 9th"]
[Site "Paracin"]
[Date "2016.07.11"]
[Round "5"]
[White "Chekletsova, Darya"]
[Black "Stojkovic, Zoran"]
[Result "0-1"]
[WhiteElo "1582"]
[BlackElo "1952"]
[PlyCount "88"]
[EventDate "2016.07.07"]
[EventType "swiss"]
[EventRounds "9"]
[EventCountry "SRB"]
[SourceTitle "CBM 173 Extra"]
[Source "ChessBase"]
[SourceDate "2016.08.29"]
[SourceVersion "1"]
[SourceVersionDate "2016.08.29"]
[SourceQuality "1"]

1. d4 e6 2. c4 c5 3. Nf3 cxd4 4. Nxd4 Nf6 5. Nc3 Nc6 6. a3 Bc5 7. Nxc6 bxc6 8. Bf4 Qb6 9. e3 Be7 10. Qc2 d6 11. h3 e5 12. Bg5 Rb8 13. b4 h6 14. Bh4 Be6 15. Bd3 0-0 16. 0-0 d5 17. c5 Qd8 18. Qd2 d4 19. exd4 Qxd4 20. Rfd1 Qxh4 21. Qe3 Qg5 22. Qf3 Bd5 23. Nxd5 cxd5 24. Qe2 Nh5 25. Bc2 Nf4 26. Qf3 f5 27. g3 d4 28. Kh2 Qh5 29. Qxh5 Nxh5 30. c6 g6 31. Bb3+ Kg7 32. Rac1 Rfc8 33. Rc2 Rb6 34. Rdc1 Rc7 35. Be6 d3 36. Rd2 Rcxc6 37. Bc4 Bg5 38. Rxd3 Bxc1 39. Rc3 Bxa3 40. Rxa3 Rxc4 41. Rxa7+ Kf6 42. Rh7 Rbxb4 43. Rxh6 Kg7 44. Rxh5 gxh5 0-1

[Event "SRB Central-chT qual"]
[Site "Nis"]
[Date "2014.10.02"]
[Round "1"]
[White "Stojkovic, Zoran"]
[Black "Dinic, Miodrag"]
[Result "1/2-1/2"]
[WhiteElo "1952"]
[BlackElo "2055"]
[PlyCount "93"]
[EventDate "2014.10.02"]
[EventType "team-tourn"]
[EventRounds "7"]
[EventCountry "SRB"]
[SourceTitle "CBM 163 Extra"]
[Source "ChessBase"]
[SourceDate "2014.12.23"]
[SourceVersion "1"]
[SourceVersionDate "2014.12.23"]
[SourceQuality "1"]

1. e4 c5 2. Nf3 d6 3. d4 cxd4 4. Nxd4 Nf6 5. Nc3 g6 6. Be3 Bg7 7. f3 Nc6 8. Be2 Bd7 9. Qd2 0-0 10. g4 Ne5 11. 0-0-0 Rc8 12. h4 h5 13. gxh5 Nxh5 14. b3 Qa5 15. Kb2 Kh7 16. Nd5 Qxd2 17. Rxd2 Rfe8 18. Rg1 Nc6 19. Kb1 e6 20. Nxc6 exd5 21. Nxa7 Rc3 22. Rd3 dxe4 23. fxe4 Rxe4 24. Bd2 Rxd3 25. Bxd3 Rxh4 26. Nb5 Be5 27. Bg5 Rh3 28. Bf1 Rg3 29. Rxg3 Nxg3 30. Bd3 f6 31. Bxf6 Bxf6 32. Nxd6 Bc6 33. a4 Bc3 34. Ka2 Kg7 35. Ka3 Be5 36. Nc4 Bf6 37. b4 Be7 38. Ne5 Be4 39. c4 Kf6 40. Bxe4 Nxe4 41. Nxg6 Kxg6 42. a5 Kf6 43. Ka4 Ke6 44. Kb5 Kd7 45. Kb6 Bxb4 46. Kxb7 Bxa5 47. Ka8 1/2-1/2

[Event "Nis Art Faculty op"]
[Site "Nis"]
[Date "2013.08.07"]
[Round "6"]
[White "Djordjevic, Lazar"]
[Black "Stojkovic, Zoran"]
[Result "1-0"]
[WhiteElo "1696"]
[BlackElo "1999"]
[PlyCount "111"]
[EventDate "2013.08.03"]
[EventType "swiss"]
[EventRounds "7"]
[EventCountry "SRB"]
[SourceTitle "EXT 2015"]
[Source "ChessBase"]
[SourceDate "2014.11.20"]
[SourceVersion "1"]
[SourceVersionDate "2014.11.20"]
[SourceQuality "1"]

1. e4 c5 2. Nf3 Nc6 3. c3 d5 4. exd5 Qxd5 5. Na3 Bg4 6. Be2 e5 7. Qb3 Qxb3 8. axb3 e4 9. Ng5 Bxe2 10. Kxe2 Nf6 11. d3 exd3+ 12. Kxd3 Be7 13. Re1 0-0 14. Ne4 Ng4 15. h3 Nge5+ 16. Kc2 Rad8 17. f4 Ng6 18. Be3 b6 19. Nb5 Bh4 20. Red1 f5 21. Ned6 Rd7 22. Rf1 Rf6 23. Nc4 Re6 24. Rad1 Rde7 25. Rf3 a6 26. Nbd6 b5 27. Nxf5 bxc4 28. Nxe7+ Bxe7 29. f5 cxb3+ 30. Kxb3 c4+ 31. Kc2 Rxe3 32. Rxe3 Nge5 33. g4 Kf7 34. Rde1 Kf6 35. h4 Bc5 36. Re4 Bf2 37. Rh1 h6 38. Rh2 Bc5 39. Rf4 Be3 40. Re4 Bc5 41. Rg2 Ne7 42. Rge2 N7c6 43. Rxc4 Nxc4 44. Re6+ Kf7 45. Rxc6 Ne5 46. Rxc5 Nxg4 47. Ra5 Ne3+ 48. Kd3 Ng2 49. Rxa6 Nxh4 50. Ke4 g6 51. fxg6+ Nxg6 52. Rxg6 Kxg6 53. b4 Kf6 54. b5 Ke6 55. c4 h5 56. Kf4 1-0

[Event "Nis Art Faculty op"]
[Site "Nis"]
[Date "2013.08.04"]
[Round "3"]
[White "Djordjevic, Vuk D"]
[Black "Stojkovic, Zoran"]
[Result "1/2-1/2"]
[WhiteElo "2119"]
[BlackElo "1999"]
[PlyCount "86"]
[EventDate "2013.08.03"]
[EventType "swiss"]
[EventRounds "7"]
[EventCountry "SRB"]
[SourceTitle "EXT 2015"]
[Source "ChessBase"]
[SourceDate "2014.11.20"]
[SourceVersion "1"]
[SourceVersionDate "2014.11.20"]
[SourceQuality "1"]

1. e4 c5 2. Nc3 Nc6 3. f4 e6 4. Nf3 d6 5. Bc4 Na5 6. Bb5+ Bd7 7. a4 a6 8. Bxd7+ Qxd7 9. 0-0 Nc6 10. d3 Be7 11. f5 Nf6 12. fxe6 fxe6 13. Bg5 0-0 14. Qd2 Rab8 15. Ne2 b5 16. axb5 axb5 17. c3 b4 18. Rfb1 Ng4 19. Bxe7 Qxe7 20. h3 Nge5 21. Nxe5 Nxe5 22. Rf1 Rxf1+ 23. Rxf1 bxc3 24. bxc3 Rf8 25. Rxf8+ Qxf8 26. d4 cxd4 27. Nxd4 Nc4 28. Qe2 Qc8 29. Qg4 Kf7 30. Qh5+ Kg8 31. Qg4 Kf7 32. Kh1 Ne5 33. Qh5+ Kg8 34. Nb5 Nf7 35. Qe2 Qc5 36. Qa2 Qxb5 37. Qa8+ Nd8 38. Qxd8+ Kf7 39. Qxd6 Qb1+ 40. Kh2 Qxe4 41. Qc7+ Kf6 42. Qd8+ Kg6 43. Qd2 Kf5 1/2-1/2

[Event "SRB Central-ch op-B 6th"]
[Site "Paracin"]
[Date "2013.07.10"]
[Round "7"]
[White "Rajic, Momcilo"]
[Black "Stojkovic, Zoran"]
[Result "1-0"]
[WhiteElo "1824"]
[BlackElo "2005"]
[PlyCount "87"]
[EventDate "2013.07.05"]
[EventType "swiss"]
[EventRounds "9"]
[EventCountry "SRB"]
[SourceTitle "CBM 155 Extra"]
[Source "ChessBase"]
[SourceDate "2013.08.26"]
[SourceVersion "1"]
[SourceVersionDate "2013.08.26"]
[SourceQuality "1"]

1. e4 c5 2. Nc3 Nc6 3. Nf3 g6 4. d4 cxd4 5. Nxd4 Bg7 6. Be3 a6 7. Be2 d6 8. Qd2 Nf6 9. 0-0 Ng4 10. Bxg4 Bxg4 11. h3 Bd7 12. Rad1 Rc8 13. Nd5 0-0 14. Ne2 Be6 15. Bh6 Ne5 16. Bxg7 Kxg7 17. b3 Bxd5 18. exd5 b5 19. Nd4 Qc7 20. Qg5 Rce8 21. Rfe1 e6 22. f4 f6 23. Qg3 Qc5 24. Kh1 exd5 25. fxe5 dxe5 26. b4 Qxb4 27. Qg4 Kh8 28. Nb3 Qxg4 29. hxg4 d4 30. Re2 h6 31. Rf1 Rc8 32. Kh2 Kg7 33. Kg3 Rc6 34. Kf3 Kf7 35. Ke4 Ke6 36. Kd3 Kd5 37. Kd2 e4 38. Kd1 f5 39. gxf5 gxf5 40. Ref2 e3 41. Rxf5+ Rxf5 42. Rxf5+ Ke4 43. g4 Rg6 44. Nc5# 1-0

[Event "Nis op"]
[Site "Nis"]
[Date "2013.03.26"]
[Round "7"]
[White "Stojkovic, Zoran"]
[Black "Ristic, Nebojsa M"]
[Result "0-1"]
[WhiteElo "1962"]
[BlackElo "2309"]
[PlyCount "92"]
[EventDate "2013.03.21"]
[EventType "swiss"]
[EventRounds "9"]
[EventCountry "SRB"]
[SourceTitle "CBM 153 Extra"]
[Source "ChessBase"]
[SourceDate "2013.04.22"]
[SourceVersion "1"]
[SourceVersionDate "2013.04.22"]
[SourceQuality "1"]

1. d4 Nf6 2. c4 e6 3. Nc3 Bb4 4. Qb3 Nc6 5. Nf3 Ne4 6. e3 0-0 7. Bd3 Nxc3 8. bxc3 Be7 9. e4 d6 10. 0-0 e5 11. d5 Na5 12. Qa4 b6 13. c5 Nb7 14. cxb6 cxb6 15. Ba3 Qc7 16. Bb5 Bg4 17. Ne1 a6 18. Bd3 Qxc3 19. Rc1 Nc5 20. Rxc3 Nxa4 21. Rc7 Rfe8 22. Nc2 Nc5 23. Bxc5 dxc5 24. Ne3 Bd8 25. Rc6 Bd7 26. Rd6 Ba4 27. f4 Bc7 28. Rc6 Bxc6 29. dxc6 b5 30. Nd5 Rac8 31. a4 c4 32. Be2 Bd6 33. c7 exf4 34. Bg4 Re6 35. axb5 axb5 36. Kf2 Kf8 37. Kf3 Bxc7 38. Rb1 Bd6 39. e5 Bxe5 40. Bxe6 fxe6 41. Nb6 Rc7 42. Ke4 Bf6 43. Na8 Rc5 44. Nb6 Ke7 45. Rd1 c3 46. Rd7+ Ke8 0-1

[Event "Nis op"]
[Site "Nis"]
[Date "2013.03.21"]
[Round "1"]
[White "Stojkovic, Zoran"]
[Black "Djukic, Zeljko"]
[Result "0-1"]
[WhiteElo "1962"]
[BlackElo "2397"]
[PlyCount "64"]
[EventDate "2013.03.21"]
[EventType "swiss"]
[EventRounds "9"]
[EventCountry "SRB"]
[SourceTitle "CBM 153 Extra"]
[Source "ChessBase"]
[SourceDate "2013.04.22"]
[SourceVersion "1"]
[SourceVersionDate "2013.04.22"]
[SourceQuality "1"]

1. d4 Nf6 2. c4 c5 3. d5 b5 4. cxb5 a6 5. Nc3 axb5 6. Nxb5 Ba6 7. Nc3 d6 8. g3 g6 9. Bg2 Bg7 10. Nh3 0-0 11. 0-0 Nbd7 12. Re1 Ra7 13. e4 Ne5 14. f3 Nd3 15. Re3 Nxc1 16. Qxc1 Nd7 17. Re1 Qa5 18. Bf1 Ne5 19. Qd1 Bxf1 20. Rxf1 Nc4 21. Qe2 Nxb2 22. Nd1 Nxd1 23. Raxd1 Qxa2 24. Rd2 Qb3 25. f4 Rfa8 26. e5 Ra2 27. Rxa2 Rxa2 28. Qe4 Ra4 29. Qg2 dxe5 30. Ng5 exf4 31. Qh3 Bd4+ 32. Kh1 Qxd5+ 0-1

[Event "Nis Svetosavski op 3rd"]
[Site "Nis"]
[Date "2013.03.03"]
[Round "4"]
[White "Stojkovic, Zoran"]
[Black "Vasic, Zarko"]
[Result "1-0"]
[WhiteElo "1962"]
[BlackElo "2090"]
[PlyCount "43"]
[EventDate "2013.03.02"]
[EventType "swiss"]
[EventRounds "5"]
[EventCountry "SRB"]
[SourceTitle "CBM 153 Extra"]
[Source "ChessBase"]
[SourceDate "2013.04.22"]
[SourceVersion "1"]
[SourceVersionDate "2013.04.22"]
[SourceQuality "1"]

1. e4 e6 2. d4 d5 3. Nc3 Nf6 4. Bg5 Bb4 5. e5 h6 6. Bd2 Nfd7 7. a3 Bxc3 8. bxc3 c5 9. f4 Nc6 10. Nf3 c4 11. Be2 b5 12. 0-0 g6 13. Qe1 Ne7 14. g4 Ng8 15. Qg3 h5 16. gxh5 Rxh5 17. Ng5 Rh6 18. f5 Nf8 19. Nxf7 Kxf7 20. fxg6+ Ke8 21. Rxf8+ Kxf8 22. Qf3+ 1-0